000 00492nam a2200157 i 4500
001 149482
003 ES-MaACL
005 20230906203124.0
007 t|
008 071022s1970 sp ||||1| spa d
100 1 _aVázquez de Abarrategui, José.
_9113410
245 1 0 _aReceptores de televisión con transistores /
_cJosé Vázquez de Abarrategui.
260 _aMadrid :
_bParaninfo,
_c1970.
300 _a362 p., 8 gráf. pleg. :
_bil. ;
_c21 cm.
852 _aES-MaACL
_jC-46929
_bR.71964
999 _c149482
_d149482